[Event "Augsburg"]
[Site "Augsburg"]
[Date "1989.??.??"]
[Round "6"]
[White "Senner, Peter"]
[Black "Arapovic, Vitomir"]
[Result "0-1"]
[WhiteElo "2270"]
[BlackElo "2410"]
[PlyCount "130"]
[EventDate "1989.??.??"]
[EventType "tourn"]
[EventRounds "11"]
[EventCountry "GER"]
[EventCategory "6"]
[SourceTitle "EXT 1997"]
[Source "ChessBase"]
[SourceDate "1996.11.15"]
[SourceVersion "1"]
[SourceVersionDate "1996.11.15"]
[SourceQuality "1"]

1. e4 g6 2. d4 Bg7 3. f4 d6 4. Nf3 c5 5. c3 cxd4 6. Nxd4 Nf6 7. Bd3 Nc6 8. Nf3 0-0 9. Qe2 e5 10. fxe5 dxe5 11. Bg5 h6 12. Bxf6 Bxf6 13. 0-0 Bg7 14. Na3 f5 15. Rad1 Qe7 16. Nc4 f4 17. Nd6 Bg4 18. h3 Bh5 19. Bb5 Kh8 20. Qc4 Rf6 21. Bxc6 Rxd6 22. Rxd6 Qxd6 23. Bd5 Rd8 24. Qb5 b6 25. Qc6 Qd7 26. Qe6 Qc7 27. Qc6 Qb8 28. Qb7 Qxb7 29. Bxb7 g5 30. Bd5 Be8 31. Rd1 Bf6 32. Bb3 Rxd1+ 33. Bxd1 h5 34. Nd2 Bd8 35. Nf3 Bf6 36. Nd2 Kg7 37. Nc4 Kg6 38. Nd6 Bd7 39. Nc4 g4 40. hxg4 hxg4 41. Nd2 Be7 42. b4 Be6 43. a3 Bg5 44. Bb3 Bd7 45. Bd1 Bd8 46. Be2 Kg5 47. Bd3 Bc8 48. Kf2 Bc7 49. Be2 Bd7 50. Bd3 Kh4 51. Be2 Bc6 52. Bd3 b5 53. c4 bxc4 54. Nxc4 Bb6+ 55. Nxb6 axb6 56. Bc2 g3+ 57. Kg1 Bb5 58. a4 Bc4 59. Kh1 Kg5 60. Kg1 Be2 61. Bb3 Bd3 62. Bd5 Kf6 63. Bb7 Ke7 64. a5 bxa5 65. bxa5 Kd6 0-1